| 000 | 00474cam a2200181ua 4500 | ||
|---|---|---|---|
| 020 | _a0 8311 1157 7 | ||
| 041 |
_aeng _h |
||
| 082 |
_a028.71621 _bMCC/ME |
||
| 100 | _aMccabe, Robert E . | ||
| 245 |
_aMetering pump hand book / _cRobert E Mccabe. _hTextual Documents |
||
| 260 |
_aNewyork : _bIndustrial press , _c1984. |
||
| 300 | _a280 ; . | ||
| 504 | _a | ||
| 700 | 1 | _aDwyer, William V . | |
| 700 | 1 | _aLanckton, Philip G . | |
| 942 | _cBK | ||
| 999 |
_c5421 _d5421 |
||